| 000 | 00994nam a2200241Ia 4500 | ||
|---|---|---|---|
| 999 |
_c5807 _d5807 |
||
| 003 | OSt | ||
| 005 | 20200702130046.0 | ||
| 008 | 191128s1981 ck fr 000 0 spa d | ||
| 020 | _a8482721704 | ||
| 040 |
_aCO-JMCR _cCO-JMCR |
||
| 041 | 0 | _aspa | |
| 082 | 0 | 4 |
_a336.14 / _bF275c _223 |
| 100 | 1 |
_aFernández Cadavid, Alberto, _eautor _96495 |
|
| 245 | 1 | 3 |
_aLa contribucion de Valorizacion en Colombia / _cAlberto Fernández Cadavid |
| 250 | _aSegunda edición | ||
| 260 |
_aBogotá : _bTemis, _c1981 |
||
| 300 |
_a421 páginas ; _c23 cm. |
||
| 504 | _aBibliografía: página 407 | ||
| 505 | 0 | _aLa institución tributaria -- La contribución en la economía fiscal -- Antecedentes históricos de la contribución y su aplicación en otros países -- Legislación (I): desde el establecimiento de la contribución hasta la ley 1a de 1943 | |
| 650 | 1 | 4 |
_aAcción procesal _xapelaciones _96496 |
| 650 | 1 | 4 |
_aEvaluaciones especiales _xderecho y legislación _zColombia _96497 |
| 942 |
_2ddc _cBK |
||